| 000 | 01032nam a22002537a 4500 | ||
|---|---|---|---|
| 999 |
_c18076 _d18076 |
||
| 003 | AR-CdUCM | ||
| 008 | 190511b ||||| |||| 00| 0 spa d | ||
| 040 |
_aMUNICIPALIDAD PROVINCIAL DEL CUSCO _cBIBLIOTECA MUNICIPAL DEL CUSCO |
||
| 041 | _heng | ||
| 082 |
_a192.1 / _bEY98 |
||
| 100 |
_aEysenck, H. J. _938445 |
||
| 245 | _aEstudio científico de la personalidad / | ||
| 260 |
_aBuenos Aires : _bPaidos, _c1959. |
||
| 300 |
_aXVI, 299 páginas ; _btablas, figuras, _c24 cm. |
||
| 440 |
_aBiblioteca de Psicología de la Personalidad. _n8 _938446 |
||
| 505 | _aContenido: Ciencia y personalidad -- El enfoque dimensional -- La dimensión neurótica: Definición operativa -- La dimensión neurótica: Medición objetiva -- Herencia y ambiente -- La dimensión psicótica ... | ||
| 650 |
_aPersonalidad _9925 |
||
| 650 |
_aPsicología _91538 |
||
| 650 |
_aHerencia _99110 |
||
| 700 |
_aLoedel, Eduardo (traducción) _938447 |
||
| 700 |
_aBernstein, Jaime (prólogo) _938448 |
||
| 942 |
_2ddc _cLIBROS |
||
| 945 |
_aachl _d2019-05-11 |
||